000 00381nam a22001697a 4500
005 20160624121926.0
008 160624b xxu||||| |||| 00| 0 eng d
020 _a81-256-0000-0
041 _aeng
082 _b9530
100 _aJain, S.C.
_92657
245 _aSteam Tables
260 _bBirla Publication
300 _a48
650 _aDiploma Engineering
_9817
942 _cBK
999 _c3829
_d3828